000
00324nam a22001337a 4500
999
_c
8066
_d
8066
003
OSt
005
20200704124149.0
008
200704b ||||| |||| 00| 0 eng d
020
_a
9789384204099
100
_a
COA
245
_a
Archivng Architectural Thesis 2017
260
_a
New Delhi
_b
Council of Architecture
942
_2
ddc